Traité des falsifications et altérations des substances alimentaires / (Registro nro. 141594)

Detalles MARC
000 -LEADER
campo de control de longitud fija 00678nam a2200217 i 4500
001 - NÚMERO DE CONTROL
campo de control 141594
003 - IDENTIFICADOR DE NÚMERO DE CONTROL
campo de control ES-MaACL
005 - FECHA Y HORA DE LA ÚLTIMA TRANSACCIÓN
campo de control 20250813234823.0
007 - CAMPO FIJO DE DESCRIPCIÓN FÍSICA--INFORMACIÓN GENERAL
campo de control de longitud fija t|
008 - DATOS DE LONGITUD FIJA--INFORMACIÓN GENERAL
campo de control de longitud fija 070925m19091911sp |||| | spa d
100 1# - ENTRADA PRINCIPAL--NOMBRE DE PERSONA
Nombre de persona Villiers, Charles Antoine Théodore.
9 (RLIN) 115260
245 10 - MENCIÓN DEL TÍTULO
Título Traité des falsifications et altérations des substances alimentaires /
Mención de responsabilidad, etc. A. Villiers... et Eug. Collin... M. Fayole.
250 ## - MENCION DE EDICION
Mención de edición 2e ed.
260 ## - PUBLICACIÓN, DISTRIBUCIÓN, ETC.
Lugar de publicación, distribución, etc. Paris :
Nombre del editor, distribuidor, etc. O. Doin,
Fecha de publicación, distribución, etc. 1909-1911.
300 ## - DESCRIPCIÓN FÍSICA
Extensión 6 v. ;
Dimensiones 27 cm.
650 17 - PUNTO DE ACCESO ADICIONAL DE MATERIA--TÉRMINO DE MATERIA
Término de materia o nombre geográfico como elemento de entrada Alimentos
Fuente del encabezamiento o término embne
9 (RLIN) 9730
700 1# - ENTRADA AGREGADA--NOMBRE PERSONAL
Nombre de persona Collin, Eugène.
9 (RLIN) 39714
700 1# - ENTRADA AGREGADA--NOMBRE PERSONAL
Nombre de persona Fayole, Marcel.
9 (RLIN) 49028
852 ## - LOCALIZACIÓN
Ubicación ES-MaACL
Número de control de estantería F-1619-24
Existencias
Estatus retirado Estado de pérdida Estado de daño No para préstamo Biblioteca de origen Biblioteca actual Ubicación en estantería Fecha de adquisición Fuente de adquisición Total de préstamos Signatura topográfica completa Código de barras Visto por última vez Precio de reemplazo Tipo de ítem Koha
        Biblioteca del Ateneo de Madrid Biblioteca del Ateneo de Madrid Depósito 2 17/01/2008     F-1619-24 1147331 23/02/2023 23/02/2023 Libro impreso